[Event "Verona-chT Serie C/8 51st"]
[Site "Verona"]
[Date "2019.03.17"]
[Round "4.3"]
[White "Kofler, Thomas"]
[Black "Boasso, Andrea"]
[Result "1-0"]
[WhiteElo "1942"]
[BlackElo "1673"]
[PlyCount "73"]
[EventDate "2019.03.15"]
[EventType "team-tourn"]
[EventRounds "5"]
[EventCountry "ITA"]
[SourceTitle "EXT 2022"]
[Source "ChessBase"]
[SourceDate "2021.10.06"]
[SourceVersion "1"]
[SourceVersionDate "2021.10.06"]
[SourceQuality "1"]
[WhiteTeam "Bolzano Naturno"]
[BlackTeam "Verona Pro Modena"]
[WhiteTeamCountry "ITA"]
[BlackTeamCountry "ITA"]

1. c4 e6 2. g3 Nf6 3. Bg2 d5 4. cxd5 exd5 5. d4 c6 6. Nc3 Bf5 7. Nf3 Bd6 8. Qb3 Qb6 9. Na4 Qxb3 10. axb3 Nbd7 11. Bd2 Bc2 12. b4 Bxa4 13. Rxa4 Nb6 14. Ra2 a6 15. Bc3 Ne4 16. Nd2 Nxc3 17. bxc3 f5 18. e3 0-0 19. Ke2 Rfe8 20. Kd3 Nd7 21. Nb3 Nf6 22. Nc5 Bxc5 23. bxc5 Re7 24. c4 Kf7 25. cxd5 Nxd5 26. Rb1 g5 27. Bxd5+ cxd5 28. Rb6 Rd7 29. Rab2 Ra7 30. Rh6 Kg7 31. Rbb6 a5 32. Rh5 a4 33. Rxg5+ Kf8 34. Rxf5+ Ke7 35. Rb2 Kd8 36. Kc3 Kc7 37. Rf6 1-0

[Event "Verona-chT Serie C/8 51st"]
[Site "Verona"]
[Date "2019.03.16"]
[Round "3.2"]
[White "Tissino, Tiziano"]
[Black "Boasso, Andrea"]
[Result "0-1"]
[WhiteElo "1728"]
[BlackElo "1673"]
[PlyCount "66"]
[EventDate "2019.03.15"]
[EventType "team-tourn"]
[EventRounds "5"]
[EventCountry "ITA"]
[SourceTitle "EXT 2022"]
[Source "ChessBase"]
[SourceDate "2021.10.06"]
[SourceVersion "1"]
[SourceVersionDate "2021.10.06"]
[SourceQuality "1"]
[WhiteTeam "Padova Micha Bishops"]
[BlackTeam "Verona Pro Modena"]
[WhiteTeamCountry "ITA"]
[BlackTeamCountry "ITA"]

1. d4 d5 2. c4 c6 3. Nc3 e6 4. Nf3 Nf6 5. Bg5 Nbd7 6. e3 Be7 7. Bd3 dxc4 8. Bxc4 b5 9. Bd3 Bb7 10. 0-0 a6 11. Rc1 c5 12. Bxf6 Bxf6 13. Be4 Qb6 14. Bxb7 Qxb7 15. dxc5 Nxc5 16. Qd6 Be7 17. Qg3 0-0 18. Ne2 Rac8 19. a3 Rfd8 20. Nfd4 Bf6 21. Rfd1 Qe4 22. Qf3 Qxf3 23. gxf3 h6 24. Kg2 Kh7 25. f4 e5 26. fxe5 Bxe5 27. f4 Bxd4 28. Nxd4 g6 29. Kf3 f5 30. b4 Ne4 31. Ne6 Rxd1 32. Rxc8 Rd2 33. Rc7+ Kg8 0-1

[Event "Parma Province-ch"]
[Site "Salsomaggiore Terme"]
[Date "2016.03.19"]
[Round "3"]
[White "Boasso, Andrea"]
[Black "Zuccaro, Guido"]
[Result "0-1"]
[WhiteElo "1440"]
[BlackElo "1724"]
[PlyCount "82"]
[EventDate "2016.03.18"]
[EventType "swiss"]
[EventRounds "5"]
[EventCountry "ITA"]
[SourceTitle "EXT 2018"]
[Source "ChessBase"]
[SourceDate "2017.10.13"]
[SourceVersion "1"]
[SourceVersionDate "2017.10.13"]
[SourceQuality "1"]

1. e4 e6 2. d4 d5 3. Nc3 Bb4 4. Bd3 dxe4 5. Bxe4 Nf6 6. Bf3 0-0 7. Nge2 c6 8. Bg5 Nbd7 9. Qd3 Qa5 10. Bf4 Nd5 11. 0-0 Nxf4 12. Nxf4 Qg5 13. Nh3 Qh4 14. Rfe1 Rd8 15. Re4 Qh6 16. Qe2 Nf6 17. Re3 Rxd4 18. Rd3 Rxd3 19. Qxd3 Nd5 20. Rd1 Qf6 21. Ne2 Qxb2 22. Ng5 g6 23. Qe4 Kg7 24. h4 Nf6 25. Qf4 h6 26. Nh3 Nd5 27. Qg3 Be7 28. h5 g5 29. Be4 f5 30. Bd3 Kf7 31. f4 g4 32. Nf2 Nf6 33. Qh2 Qb6 34. Kf1 Qe3 35. Re1 Bb4 36. c3 Bc5 37. g3 Qf3 38. Nd4 Bxd4 39. cxd4 Nd5 40. Qh4 Bd7 41. Rb1 Ne3+ 0-1